| Tag |
First Indicator |
Second Indicator |
Subfields |
| LEADER |
00000cam a2200000 a 4500 |
| 001 |
in00000302239 |
| 005 |
20151010145925.0 |
| 008 |
790402s1976 maua 00010 eng d |
| 035 |
|
|
|a (OCoLC)04813058
|
| 035 |
|
|
|9 ABH8018AM
|
| 040 |
|
|
|a IRU
|c IRU
|d TXA
|d UtOrBLW
|
| 049 |
|
|
|a TXAM
|c [1656393]
|
| 090 |
|
|
|a TH9336
|b P9
|
| 100 |
1 |
|
|a Pyle, Ernest W.
|
| 245 |
1 |
0 |
|a New technique for welding and extending sprinkler pipes /
|c Ernest W. Pyle.
|
| 264 |
|
1 |
|a Boston, Mass. :
|b Society of Fire Protection Engineers,
|c [1976]
|
| 264 |
|
4 |
|c ©1976
|
| 300 |
|
|
|a 9 pages :
|b illustrations ;
|c 28 cm.
|
| 336 |
|
|
|a text
|b txt
|2 rdacontent
|
| 337 |
|
|
|a unmediated
|b n
|2 rdamedia
|
| 338 |
|
|
|a volume
|b nc
|2 rdacarrier
|
| 490 |
1 |
|
|a SFPE technology report ;
|v 76-2
|
| 500 |
|
|
|a Cover title.
|
| 650 |
|
0 |
|a Fire sprinklers.
|
| 830 |
|
0 |
|a SFPE technology report ;
|v 76-2.
|
| 999 |
|
|
|a MARS
|
| 999 |
f |
f |
|s 853f9b4a-424b-3123-88a5-c6c7250cf648
|i 0bae05f9-d4f3-36c2-8958-4db7af5c3d30
|t 0
|
| 952 |
f |
f |
|p ric
|a Texas A&M University
|b Rellis Campus
|c Joint Library Facility
|d Remote Storage
|t 0
|e TH9336 P9
|h Library of Congress classification
|i unmediated -- volume
|m A14806359161
|
| 998 |
f |
f |
|a TH9336 P9
|t 0
|l Remote Storage
|